Transformace vědního systému v didaktický systém zemědělských předmetů v učitelském vzdělávání

Bibliographic Details
Main Author: Drahovzal, Jan (Author)
Format: Article
Language:Czech
PhysicalDescription:Lit. 11 zázn. v slov., češ., ruš.
Subjects:

MARC

LEADER 00000nab a2200000 a 4500
001 vtls000217236
003 SK-MaSNL
005 20260302204530.0
008 160204c1984 xo 0 cze
015 |a SNBRA19rr/mm-uuuuu 
035 |a CL0227350 
040 |a SNKBUCL  |b slo  |c SNKBUCL  |e AACR2 
041 0 |a cze 
044 |a xo  |c SK 
080 |a 371.14:372.863  |2 1981 
080 |a 372.863  |2 1981 
100 1 |a Drahovzal, Jan  |4 aut  |9 451613 
245 1 0 |a Transformace vědního systému v didaktický systém zemědělských předmetů v učitelském vzdělávání  |c Jan Drahovzal 
300 |b Lit. 11 zázn. v slov., češ., ruš. 
650 0 7 |a učitelia  |2 snkbucl  |9 3995 
650 0 7 |a predmety poľnohospodárske  |2 snkbucl  |9 929172 
650 0 7 |a systémy didaktické  |2 snkbucl  |9 929173 
655 7 |a články zo zborníkov  |2 snkbucl  |9 166140 
773 0 |t Moderné metódy a technické prostriedky v novej čsl. výchovno-vzdelávacej sústave  |d Žilina : Dom techniky ČSVTS, 1984  |g S. 73-86 
850 |a Slovenská národná knižnica v Martine  |a MTA001 
852 |a SNK  |b KIS3GCP 
958 |a NB 
958 |a RK 
958 |a CZ 
992 |a RZB 
999 |c 1473838  |d 1475768